Flagi Województw Polski - Statystyki

Ogólne statystyki
  • Ten quiz został rozwiązany 22 razy
  • Średni wynik to 15 z 16
Statystyki odpowiedzi
Obrazkowy Odpowiedź % Poprawnych
Dolnośląskie
95%
Kujawsko-pomorskie
95%
Lubelskie
95%
Małopolskie
95%
Mazowieckie
95%
Opolskie
95%
Pomorskie
95%
Śląskie
95%
Świętokrzyskie
95%
Warmińsko-mazurskie
95%
Wielkopolskie
95%
Zachodniopomorskie
95%
Łódzkie
89%
Lubuskie
89%
Podlaskie
89%
Podkarpackie
84%
Nie znaleziono quizów pasujących do podanych kryteriów
Rozkład punktacji
Procent ludzi z każdym wynikiem
Percentyl według liczby udzielonych odpowiedzi
Twoja historia wyników
Nie rozwiązałeś tego quizu